[Event "GCT Saint Louis Rapid 2019"]
[Site "Saint Louis"]
[Date "2019.08.11"]
[Round "6.2"]
[White "Karjakin, Sergey"]
[Black "Mamedyarov, Shakhriyar"]
[Result "1-0"]
[WhiteElo "2748"]
[BlackElo "2765"]
[Annotator "TA"]
[PlyCount "123"]
[EventDate "2019.08.10"]
[EventType "tourn"]
[EventCountry "USA"]
[SourceTitle "playchess.com"]
[Source "ChessBase"]
[SourceQuality "1"]

{[%evp 12,123,19,13,13,13,19,18,25,18,20,19,25,24,25,22,36,31,46,52,59,59,96,36,58,50,56,32,58,55,55,0,66,0,47,43,69,65,78,77,75,76,93,72,112,114,107,107,78,59,81,39,81,83,91,75,83,31,31,23,15,0,0,13,23,0,14,0,0,-5,0,-40,0,0,7,-15,18,25,129,0,89,50,61,33,52,76,140,147,367,95,123,119,115,0,14,0,0,0,0,0,0,-140,0,0,0,0,0,-2,0,-6,-11,-15,860,835]} 1. e4 e5 2. Nf3 Nc6 3. Bc4 ({Predecessor:} 3. Bb5 Nf6 4. d3 Bc5 5. O-O d6 6. c3 O-O 7. Re1 Bb6 8. h3 Ne7 9. d4 Ng6 10. Nbd2 c6 11. Bd3 Re8 12. Nf1 {0-1 (75) Khairullin,I (2575)-Kharlov,A (2505) Serpukhov 2008}) 3... Bc5 4. c3 Nf6 5. d3 d6 6. O-O h6 7. Re1 O-O {C54: Giuoco Piano: 4 c3 Nf6, main lines with 5 d4 and 5 d3} 8. Nbd2 Ne7 $146 (8... a6 9. a4 Ba7 10. h3 Re8 11. b4 Be6 12. Bxe6 Rxe6 13. Qc2 Ne7 14. Nf1 Qd7 15. Ng3 {1-0 (56) Wang,H (2726)-Malakhov,V (2667) China 2019}) 9. h3 Ng6 {The position is equal.} 10. d4 Bb6 11. Bd3 c6 12. Nf1 Re8 13. Ng3 Be6 14. Be3 Qc7 15. Qd2 Kh7 16. a4 Rad8 17. Qc2 (17. b4 $16 a5 18. b5) 17... a5 18. Rad1 Kg8 19. b3 Kh7 20. Qb2 Kg8 21. Qc2 Kh7 22. Qb2 Kg8 $1 23. Bc2 Kh8 24. Qc1 Kh7 25. Nf5 Ng8 26. c4 (26. Re2 {feels hotter.} Nf8 27. Ng3 Ng6 28. Nh5 Qc8 29. Kh2) 26... f6 27. Ng3 Qc8 28. d5 Bxe3 29. Qxe3 Bd7 30. dxc6 Qxc6 31. Qd2 Qb6 32. Qxd6 Bc6 33. Qa3 $1 N8e7 34. c5 (34. Nf1 $16) 34... Qa7 35. Bd3 Nf8 $1 36. Bb5 Ne6 37. Rc1 Rd7 38. b4 Red8 39. Bxc6 Nxc6 40. b5 $36 {[%mdl 2048] White has some pressure.} Nb4 $1 41. b6 Qa6 {[%mdl 1024] Black has compensation.} 42. Qb3 Nf4 43. Re3 g6 44. Kh2 Kg7 (44... Re7 $11) 45. Rc4 (45. Nh4 $1 $16) 45... Nc6 (45... Rc8 $11) 46. Qb5 Qa8 $1 47. Rc2 h5 48. Ne2 $1 g5 (48... Ne6 $142) 49. Ng3 $16 Ne7 $2 {[#]} (49... Kg6 $16 50. Nf5 Ne6) 50. Rec3 $2 (50. Nxe5 $1 $18 {[%mdl 512]} fxe5 51. c6 Nxc6 52. Rxc6 $1 {[%mdl 576] Remove Defender} bxc6 53. Qxe5+ {[%mdl 64] Double Attack} Kh7 54. Qf5+ Kh8 55. Qf6+ Rg7 56. Nf5 {[%mdl 64] Pin}) 50... h4 51. Nf1 Ne6 {[#]} 52. Ne3 ({White should try} 52. c6 $1 $16 {[%mdl 512]} Nxc6 (52... bxc6 53. Qb3) 53. Rxc6 bxc6 54. Rxc6) 52... Nd4 $11 53. Nxd4 exd4 54. Rd3 {aiming for Kg1.} Qb8+ 55. Kg1 {And now Nc4 would win.} Qe5 56. Nd5 (56. f3 $11 {remains equal.}) 56... Qxe4 (56... Nxd5 $17 57. exd5 Qe1+ 58. Kh2 Rxd5) 57. Nxe7 $1 {Threatens to win with c6.} Rxe7 58. Rc1 Rd5 59. Rcd1 g4 60. Qb2 gxh3 61. Rxh3 d3 $2 {[%mdl 8192]} (61... Rg5 $11 62. f3 Qe3+ 63. Kh1 d3 64. Rxh4 Rd5) 62. Re3 {Accuracy: White = 51%, Black = 42%.} 1-0

[Event "GCT Saint Louis Rapid 2019"]
[Site "Saint Louis"]
[Date "2019.08.11"]
[Round "6.3"]
[White "Rapport, Richard"]
[Black "Caruana, Fabiano"]
[Result "0-1"]
[WhiteElo "2735"]
[BlackElo "2819"]
[Annotator "TA"]
[PlyCount "130"]
[EventDate "2019.08.10"]
[EventType "tourn"]
[EventCountry "USA"]
[SourceTitle "playchess.com"]
[Source "ChessBase"]
[SourceQuality "1"]

{[%evp 15,130,22,20,15,15,16,22,24,16,15,57,54,58,62,68,40,48,43,50,45,45,45,45,49,47,41,53,47,52,39,48,22,45,6,4,0,51,10,39,0,35,36,33,0,44,53,105,132,120,109,110,0,4,-26,-20,-21,19,0,0,-114,-104,-93,-81,-99,-84,-156,-155,-248,-71,-37,0,0,0,0,0,-272,-239,-284,-285,-295,-279,-295,-295,-281,-272,-261,-246,-260,-179,-163,-16,-24,-19,-16,-42,-60,0,0,0,0,8,8,8,8,21,0,0,0,7,0,40,9,325,0,0,-29984,-29985]} 1. Nf3 d5 2. g3 g6 3. Bg2 Bg7 4. d4 c6 5. O-O Nf6 6. b3 O-O 7. Bb2 Bf5 8. c4 Nbd7 9. cxd5 {D78: Fianchetto Grünfeld: 6 0-0 c6} (9. e3 Ne4 10. Nfd2 Ndf6 11. Nxe4 Bxe4 12. Bh3 Qb6 13. f3 Bxb1 14. Rxb1 e6 15. Qd3 Rfe8 16. c5 Qc7 {0-1 (35) Ding,L (2774)-Carlsen,M (2837) Saint Louis 2017}) 9... cxd5 10. Nc3 Rc8 11. e3 $146 {The position is equal.} ({Predecessor:} 11. Rc1 Qa5 12. Qd2 Qa6 13. Nh4 Be6 14. f4 Nb6 15. f5 Bd7 16. h3 Ne4 17. Nxe4 dxe4 18. Rxc8 Nxc8 19. Bxe4 Qxa2 {0-1 (47) Matlakov,M (2691)-Artemiev,V (2663) Sochi 2016}) 11... Qa5 12. Nh4 Be4 (12... Rxc3 $6 13. Qd2 $16) 13. f3 $1 {[%cal Rf3e4]} Bf5 14. Nxf5 gxf5 15. Qd3 e6 16. Rfc1 a6 17. Na4 h5 18. Bc3 Qc7 19. Qd2 {And now Bb4 would win.} Qb8 20. Nb2 Rc6 21. Nd3 Rfc8 22. a4 Bh6 23. Bb2 Kh7 24. Kf2 h4 25. Nf4 Rg8 ({Black should play} 25... Bf8 $11) 26. Qd3 Qf8 27. Bh3 Kh8 28. Rxc6 ({But not} 28. gxh4 $2 Bxf4 29. Rxc6 bxc6 $19) 28... bxc6 29. Qxa6 Qg7 {[%cal Rh4g3]} 30. Ne2 $1 ({Wrong is} 30. gxh4 $2 Bxf4 31. exf4 Nh5 $19) 30... hxg3+ (30... Ng4+ $14 31. fxg4 Nc5 32. dxc5 {[%mdl 64] Discovered Attack} Qxb2) 31. hxg3 $16 Bxe3+ 32. Kxe3 Qh6+ {[%mdl 64] Double Attack} 33. Kd3 (33. Kf2 $1 $16 Qxh3 34. Rg1) 33... Qxh3 $11 34. Kc3 {[#]} f4 $1 {[%mdl 512]} 35. gxf4 (35. Nxf4 Qxg3) 35... Rg2 ({Don't take} 35... Qxf3+ 36. Qd3 $17) 36. Qd3 $1 Rf2 $1 {[%cal Rf2f3]} 37. Ng1 (37. Kb4 $11) 37... Qg2 $1 $17 {[%mdl 1024] Black has strong compensation.} 38. Ba3 Nh5 $1 {[%cal Rh5f4]} 39. Bd6 Ng3 $1 {[%cal Rg3f5] White must now prevent ...Nf5.} 40. Kb4 {[#]} ({White should try} 40. Re1) 40... Nf5 $1 $36 {[%cal Rf5d6][%mdl 2048] Black is on the roll.} 41. Bc5 (41. Bc7 $17 {might work better.}) 41... Rd2 $2 (41... Qh2 $19 42. Re1 Nxc5 43. dxc5 Rd2 44. Qc3+ d4) 42. Qf1 {next Qxg2 is good for White.} Nxd4 43. Bxd4+ Rxd4+ {[%mdl 64] Double Attack} 44. Ka3 Qd2 45. Qh3+ $2 {[%mdl 8192]} (45. Qe1 $11) 45... Kg7 $19 46. Qg3+ Kf8 {( -> ...Qb4+)} 47. Qe1 Qxf4 48. Ne2 Qd6+ 49. Ka2 Rd3 50. Rc1 c5 51. Rc3 Ne5 52. f4 {[#]} Nf3 ({Better is} 52... Nc6 $1 $19 {aiming for ...c4!} 53. Rxd3 Nb4+ {[%mdl 64] Double Attack} 54. Kb1 Nxd3) 53. Qc1 $11 Rd2+ 54. Rc2 Rxc2+ 55. Qxc2 d4 (55... Nd4 $15 56. Nxd4 cxd4) 56. Qe4 Nh4 57. Nc1 Qa6 58. Qe5 Nf5 59. Qxc5+ Kg8 60. Qc4 Qb7 61. a5 Qg2+ 62. Ka3 Qd2 63. Ka4 {Hoping for a6.} Nd6 $2 {[%mdl 8192]} (63... Ne3 $11 {and Black is okay.} 64. Qc8+ Kg7) 64. Qc5 $2 ({White has to play} 64. Qc6 $18) 64... Ne4 65. Qa3 $2 {[%mdl 8192]} (65. Qe5 $11 Nc3+ 66. Kb4) 65... Nc3+ {Accuracy: White = 57%, Black = 42%.} 0-1

[Event "GCT Saint Louis Rapid 2019"]
[Site "Saint Louis"]
[Date "2019.08.11"]
[Round "6.4"]
[White "Yu, Yangyi"]
[Black "Carlsen, Magnus"]
[Result "1/2-1/2"]
[WhiteElo "2736"]
[BlackElo "2872"]
[Annotator "ChessBase"]
[PlyCount "138"]
[EventDate "2019.08.10"]
[EventType "tourn"]
[EventCountry "USA"]
[SourceTitle "playchess.com"]
[Source "ChessBase"]
[SourceQuality "1"]
[TimeMode "Bronstein"]
[TimeControl "1500+10"]

1. e4 {[%emt 0:00:00]} d6 {[%emt 0:00:00]} 2. d4 {[%emt 0:00:00]} Nf6 {[%emt 0:00:00]} 3. Nc3 {[%emt 0:00:00]} g6 {[%emt 0:00:00]} 4. Nf3 {[%emt 0:00:00]} Bg7 {[%emt 0:00:00]} 5. Be2 {[%emt 0:00:00]} O-O {[%emt 0:00:00]} 6. O-O {[%emt 0:00:00]} c6 {[%emt 0:00:00]} 7. a4 {[%emt 0:00:00]} Nbd7 {[%emt 0:00:00]} 8. a5 {[%emt 0:00:00]} Qc7 {[%emt 0:00:56]} 9. h3 {[%emt 0:00:27]} e5 {[%emt 0:01:46]} 10. Be3 {[%emt 0:01:36]} Re8 {[%emt 0:00:44]} 11. Bc4 {[%emt 0:03:35]} exd4 {[%emt 0:00:39]} 12. Bxd4 {[%emt 0:00:10]} Ne5 {[%emt 0:01:42]} 13. Nxe5 {[%emt 0:01:10]} dxe5 {[%emt 0:00:10]} 14. Be3 {[%emt 0:00:10]} Nh5 {[%emt 0:00:42]} 15. Na4 {[%emt 0:02:22]} Nf4 {[%emt 0:00:17]} 16. Nc5 {[%emt 0:00:10]} Qe7 {[%emt 0:01:09]} 17. Qf3 {[%emt 0:01:44]} Ne6 {[%emt 0:02:38]} 18. c3 {[%emt 0:01:22]} Bf8 {[%emt 0:02:51]} 19. Rfd1 {[%emt 0:00:33]} Qc7 {[%emt 0:00:59]} 20. Bxe6 {[%emt 0:01:11]} Bxe6 {[%emt 0:00:10]} 21. b4 {[%emt 0:01:33]} Bc8 {[%emt 0:00:30]} 22. Rd2 {[%emt 0:00:43]} Rd8 {[%emt 0:00:11]} 23. Rxd8 {[%emt 0:00:35]} Qxd8 {[%emt 0:00:10]} 24. Rd1 {[%emt 0:00:10]} Qe7 {[%emt 0:00:47]} 25. Na4 {[%emt 0:01:52]} Qc7 {[%emt 0:04:16]} 26. Bg5 {[%emt 0:02:12]} Be6 {[%emt 0:00:10]} 27. Nc5 {[%emt 0:00:10]} Re8 {[%emt 0:00:32]} 28. Nxe6 {[%emt 0:01:42]} Rxe6 {[%emt 0:00:10]} 29. Rd8 {[%emt 0:00:10]} h6 {[%emt 0:01:10]} 30. Bf6 {[%emt 0:00:10]} c5 {[%emt 0:00:10]} 31. Ra8 {[%emt 0:00:57]} cxb4 {[%emt 0:00:18]} 32. cxb4 {[%emt 0:00:10]} Qd6 {[%emt 0:03:59]} 33. Bh4 {[%emt 0:00:31]} Qxb4 {[%emt 0:00:37]} 34. Rxa7 {[%emt 0:01:00]} Ra6 {[%emt 0:00:18]} 35. Rxa6 {[%emt 0:00:10]} bxa6 {[%emt 0:00:10]} 36. Bd8 {[%emt 0:00:13]} Bc5 {[%emt 0:00:45]} 37. g4 {[%emt 0:00:15]} Qd4 {[%emt 0:00:21]} 38. Bc7 {[%emt 0:00:14]} Kg7 {[%emt 0:00:10]} 39. Kg2 {[%emt 0:00:10]} f6 {[%emt 0:00:10]} 40. Qe2 {[%emt 0:00:15]} Kf7 {[%emt 0:00:10]} 41. Bd8 {[%emt 0:01:41]} g5 {[%emt 0:00:13]} 42. Qa2+ {[%emt 0:00:36]} Kg7 {[%emt 0:00:10]} 43. Qc2 {[%emt 0:00:10]} Kg6 {[%emt 0:00:10]} 44. Bc7 {[%emt 0:00:11]} h5 {[%emt 0:00:10]} 45. Qe2 {[%emt 0:00:10]} hxg4 {[%emt 0:00:10]} 46. hxg4 {[%emt 0:00:10]} Kg7 {[%emt 0:00:10]} 47. Qc2 {[%emt 0:00:10]} Kf8 {[%emt 0:00:10]} 48. Bd8 {[%emt 0:00:13]} Kg7 {[%emt 0:00:10]} 49. Bc7 {[%emt 0:00:10]} Ba7 {[%emt 0:00:10]} 50. Kf3 {[%emt 0:00:15]} Kg6 {[%emt 0:00:13]} 51. Kg3 {[%emt 0:00:10]} Qb4 {[%emt 0:00:13]} 52. Kg2 {[%emt 0:00:11]} Qc5 {[%emt 0:00:11]} 53. Qxc5 {[%emt 0:00:10]} Bxc5 {[%emt 0:00:10]} 54. Bb6 {[%emt 0:00:10]} Be7 {[%emt 0:00:10]} 55. Kf3 {[%emt 0:00:10]} Kf7 {[%emt 0:00:10]} 56. Ke2 {[%emt 0:00:10]} Ke6 {[%emt 0:00:10]} 57. Kd3 {[%emt 0:00:10]} Kd7 {[%emt 0:00:10]} 58. Kc4 {[%emt 0:00:10]} Ke6 {[%emt 0:00:10]} 59. f3 {[%emt 0:00:10]} Bd6 {[%emt 0:00:10]} 60. Bd8 {[%emt 0:00:10]} Bf8 {[%emt 0:00:10]} 61. Bb6 {[%emt 0:00:11]} Bd6 {[%emt 0:00:10]} 62. Bd8 {[%emt 0:00:10]} Bf8 {[%emt 0:00:10]} 63. Bc7 {[%emt 0:00:10]} Bd6 {[%emt 0:00:10]} 64. Bb6 {[%emt 0:00:10]} Be7 {[%emt 0:00:10]} 65. Bc7 {[%emt 0:00:16]} Kd7 {[%emt 0:00:13]} 66. Bb6 {[%emt 0:00:10]} Kc6 {[%emt 0:00:10]} 67. Be3 {[%emt 0:00:10]} Bd8 {[%emt 0:00:10]} 68. Bd2 {[%emt 0:00:10]} Be7 {[%emt 0:00:10]} 69. Bc3 {[%emt 0:00:10]} Bc5 {[%emt 0:00:10] Kd4 Kd5+} 1/2-1/2

[Event "GCT Saint Louis Rapid 2019"]
[Site "Saint Louis"]
[Date "2019.08.11"]
[Round "6.5"]
[White "Vachier-Lagrave, Maxime"]
[Black "Ding, Liren"]
[Result "1-0"]
[WhiteElo "2775"]
[BlackElo "2812"]
[Annotator "TA"]
[PlyCount "127"]
[EventDate "2019.08.10"]
[EventType "tourn"]
[EventCountry "USA"]
[SourceTitle "playchess.com"]
[Source "ChessBase"]
[SourceQuality "1"]

{[%evp 12,127,13,15,24,18,25,10,22,20,24,23,16,12,16,25,18,25,31,35,29,29,42,15,29,0,6,7,22,8,24,5,50,56,69,22,28,18,10,18,43,45,37,17,34,0,41,52,47,50,52,51,45,53,70,53,52,48,51,28,46,32,73,68,80,71,65,70,91,82,82,82,82,82,82,82,82,82,82,82,82,89,75,0,0,0,0,0,0,0,0,0,0,0,0,0,0,0,0,0,0,0,82,82,82,82,526,452,960,929,1219,1238,1287,1287,1155,1031,796,741]} 1. e4 e5 2. Nf3 Nc6 3. Bc4 Bc5 4. c3 Nf6 5. d3 d6 6. O-O O-O 7. Re1 a6 {C54: Giuoco Piano: 4 c3 Nf6, main lines with 5 d4 and 5 d3} 8. a4 Ba7 9. h3 h6 {The position is equal.} 10. Nbd2 Be6 11. Bxe6 fxe6 12. b4 Nh5 13. Nf1 Qe8 14. Ra2 {[#]} b5 $146 ({Predecessor:} 14... Qf7 15. Be3 Bxe3 16. Rxe3 {0-1 (54) Vachier Lagrave,M (2779)-Nakamura,H (2777) chess.com INT 2018}) 15. Be3 Bxe3 16. fxe3 Nf6 17. axb5 axb5 18. Rxa8 Qxa8 19. Qb3 Qe8 20. Ng3 Kh7 21. Kh2 d5 22. Qc2 dxe4 23. dxe4 Qe7 24. Qe2 Rb8 25. Ra1 Ne8 26. Ra6 Qd7 27. Qf2 Nd6 28. Nh5 Qe8 (28... Rb6 {feels hotter.} 29. Ra8 Qf7 30. Ng3 Rb8 31. Rxb8 Nxb8 32. Qa2 Nd7) 29. Qg3 {[%csl Gh5][%cal Rg3g7]} Qxh5 30. Rxc6 Nxe4 31. Qxe5 Qxe5+ 32. Nxe5 $14 {[%mdl 4096] Endgame KRN-KRN} Rb7 33. Nf3 Kg8 34. Nd4 Kf7 35. g4 Nd6 36. Kg2 Ke7 37. Kf3 Kd7 38. Rc5 Rb6 39. h4 Ra6 40. Nxb5 Nxb5 41. Rxb5 $16 {KR-KR} Rc6 42. Rc5 Rxc5 43. bxc5 {KP-KP} Kc6 44. Ke4 Kxc5 {Threatens to win with ...Kc4.} 45. Ke5 Kc4 46. Kxe6 {Black must now prevent e4.} Kxc3 {K3P-K3P} 47. e4 (47. Kf7 $1 $16 c5 48. Kxg7) 47... Kd4 $11 48. e5 c5 $1 {[%cal Rc5c4] Threatening ...c4.} 49. Kd6 {Strongly threatening e6.} c4 {White should prevent ...c3.} 50. e6 {And now e7 would win.} c3 {next ...c2 is good for Black.} 51. e7 c2 52. e8=Q c1=Q {With the idea ...Qf4+. KQ-KQ} 53. Qe5+ Kd3 54. Qxg7 {Qg6+ is the strong threat.} Qf4+ 55. Kd7 (55. Qe5 {seems wilder.} Qb4+ 56. Ke6 Qxg4+ 57. Qf5+ Qxf5+ 58. Kxf5 Kd4 59. Kg6) 55... Qa4+ 56. Ke7 {Hoping for Qg6+.} Qb4+ {[#]} (56... Qa7+ $11 {keeps the balance.} 57. Kf8 Qf2+ 58. Qf7 Qxh4) 57. Ke8 $1 $16 Qa4+ {[#]} 58. Kf8 $1 {aiming for Qg6+.} ({Reject} 58. Qd7+ $6 Qxd7+ 59. Kxd7 Ke4 $11) 58... Qa8+ $2 {[%mdl 8192]} (58... Ke2 $16 {is a better chance.}) 59. Kf7 $18 {White is clearly winning.} Qd5+ (59... Qf3+ $142 60. Kg8 Qg3) 60. Kg6 Qe6+ 61. Kh5 {White wants to mate with Qg6+.} Ke2 62. Qxh6 Qe8+ 63. Qg6 Qh8+ 64. Kg5 {Accuracy: White = 65%, Black = 49%.} 1-0

[Event "GCT Saint Louis Rapid 2019"]
[Site "Saint Louis"]
[Date "2019.08.12"]
[Round "7.1"]
[White "Caruana, Fabiano"]
[Black "Aronian, Levon"]
[Result "0-1"]
[WhiteElo "2819"]
[BlackElo "2756"]
[Annotator "TA"]
[PlyCount "102"]
[EventDate "2019.08.10"]
[EventType "tourn"]
[EventCountry "USA"]
[SourceTitle "playchess.com"]
[Source "ChessBase"]
[SourceQuality "1"]

{[%evp 18,102,12,18,33,22,27,22,20,23,33,14,31,0,8,13,14,0,6,21,16,0,8,0,37,8,47,0,0,0,0,0,0,0,2,0,0,-21,-10,-116,-109,-104,-95,-181,-189,-181,-169,-181,-181,-193,-153,-206,-226,-218,-177,-301,-220,-206,-205,-170,-183,-228,-195,-224,-250,-241,-239,-239,-239,-244,-243,-346,-336,-338,-329,-609,-598,-614,-616,-614,-611,-616,-583,-776,-839,-1069,-1072]} 1. e4 e5 2. Nf3 Nc6 3. Bb5 a6 4. Ba4 Nf6 5. O-O Be7 6. Re1 b5 7. Bb3 O-O 8. a4 b4 9. a5 d6 10. c3 Be6 {C90: Closed Ruy Lopez with 7...d6: Early deviations} (10... Rb8 11. Bc4 Nxe4 12. Bd5 Nxf2 13. Kxf2 Nxa5 14. cxb4 Rxb4 15. d4 c6 16. Ba2 exd4 17. Kg1 d5 18. Na3 Bf6 19. Nc2 {1-0 (48) Dominguez Perez,L (2750)-Nozdrachev,V (2489) Sochi 2019}) 11. Bxe6 fxe6 12. d4 bxc3 {The position is equal.} 13. bxc3 exd4 14. cxd4 d5 15. e5 $146 ({Predecessor:} 15. Ng5 Nxd4 16. Qxd4 {1-0 (16) Praznik,A-Bendana Guerrero,G ICCF corr 1995}) 15... Nd7 16. Nbd2 Rb8 17. Ba3 Bxa3 18. Rxa3 Rb5 19. Qe2 h6 20. h3 Rf7 21. Rc1 Ndb8 22. Qd3 Nxa5 23. Rac3 Nd7 24. Qg6 Nf8 25. Qc2 c6 26. Ra1 Qb6 27. Rca3 {Qc3 is the strong threat.} Ra7 28. Nh2 {[#]} (28. g3 $11 {keeps the balance.}) 28... c5 $1 $17 29. dxc5 Rxc5 30. Rc3 (30. Qd3 $17) 30... Rac7 $19 31. Rxc5 Rxc5 32. Qd1 Nc6 33. Nhf3 Ng6 34. Rb1 (34. Qb3 $17 Rb5 35. Qc3) 34... Rb5 35. Rc1 Rb4 ({Resist} 35... Ngxe5 36. Nxe5 Nxe5 37. Rc8+ Kh7 38. Qc2+ Ng6 39. Rc6 $17) 36. Nf1 (36. g3 $142) 36... Nf4 ({Weaker is} 36... Ngxe5 37. Nxe5 Nxe5 38. Rc8+ Kh7 39. Qc2+ Ng6 40. Rc6 $17) (36... Ncxe5 37. Rc8+ Kf7 38. Nxe5+ Nxe5 39. Qh5+ Kf6 40. Rf8+ Ke7 41. Qe8+ Kd6 42. Rg8 $17) 37. Qd2 {[#] Black must now prevent Rxc6!} Nd4 38. Nxd4 Qxd4 39. Qxd4 Ne2+ (39... Rxd4 40. Rc8+ Kh7 41. g3 $17) 40. Kh2 Nxd4 {[%mdl 4096] Endgame KRN-KRN} ({Don't play} 40... Rxd4 41. Rc6 $17) 41. Ra1 Rb6 42. f4 Nb3 43. Ra3 a5 {[%cal Ba6a5,Ba5a4][%mdl 32]} 44. Kg3 (44. Ne3 $142) 44... Rb4 45. Ne3 a4 46. f5 $2 (46. Nc2 Rc4 47. Ne3) 46... d4 {Black is clearly winning.} 47. Nd1 exf5 48. Kf4 g6 49. e6 Kf8 50. Ke5 Ke7 51. Kd5 d3 {Accuracy: White = 31%, Black = 64%.} 0-1

[Event "GCT Saint Louis Rapid 2019"]
[Site "Saint Louis"]
[Date "2019.08.12"]
[Round "7.2"]
[White "Carlsen, Magnus"]
[Black "Vachier-Lagrave, Maxime"]
[Result "1-0"]
[WhiteElo "2872"]
[BlackElo "2775"]
[Annotator "TA"]
[PlyCount "67"]
[EventDate "2019.08.10"]
[EventType "tourn"]
[EventCountry "USA"]
[SourceTitle "playchess.com"]
[Source "ChessBase"]
[SourceQuality "1"]

{[%evp 14,67,47,0,30,32,33,25,41,0,40,29,21,33,22,29,43,29,118,93,90,95,91,108,108,104,98,113,119,136,135,149,185,160,162,160,152,142,136,142,130,126,116,116,158,131,166,173,160,166,261,233,495,417,417,417]} 1. d4 Nf6 2. c4 g6 3. Nc3 d5 4. Nf3 Bg7 5. Qb3 dxc4 6. Qxc4 O-O 7. e4 Nc6 8. h3 Nd7 {D97: Grünfeld: Russian System: 7 e4, replies other than 7...Bg4} (8... e5 $5 9. dxe5 Nd7 $11) 9. Be3 Nb6 10. Qc5 a5 {White has an edge.} 11. Rc1 $146 ({Predecessor:} 11. O-O-O Nb4 12. a3 Nc6 13. Kb1 f5 14. d5 Ne5 15. Nxe5 Bxe5 16. Nb5 fxe4 {½-½ (44) Holt,C (2574)-Paragua,M (2487) ICC INT 2014}) 11... Nd7 12. Qa3 e5 $1 {[%cal Re5d4]} 13. d5 $36 {[%mdl 2048] White has some pressure.} Nd4 14. Nb5 {[%mdl 64] Discovered Attack} c5 15. dxc6 Nxc6 (15... bxc6 $11 16. Nbxd4 (16. Nfxd4 exd4 17. Nxd4 c5 $14) 16... exd4 17. Nxd4 c5) 16. Be2 Nf6 17. Rd1 Bd7 18. Bc5 Nxe4 19. Bxf8 Bxf8 20. Qe3 Nc5 21. O-O Qf6 22. Nc7 {[%cal Bb5c7,Bc7d5,Bd5b6][%mdl 32]} Rd8 23. Nd5 Qg7 {[#]} 24. Nb6 $1 e4 25. Nd4 Be8 {[%cal Rc6d4]} 26. Nxc6 Rxd1 27. Rxd1 Bxc6 28. Bc4 Qe5 29. Qd4 Qg5 {[#]} 30. Nd5 $1 {[%cal Rd5f6]} Bxd5 31. Bxd5 Nd3 (31... Qf5 {is a better defense.} 32. Re1 Qd7) 32. Qxe4 $18 ({Stronger than} 32. Bxe4 Nxf2 33. h4 (33. Qxf2 $2 Bc5 $19) 33... Qxh4 $11) 32... Nxb2 $2 (32... Nc5 33. Qe8 Qf6) 33. Rb1 Qf6 {[#]} 34. Bxf7+ $1 {[%mdl 512] Accuracy: White = 77%, Black = 32%.} 1-0

[Event "GCT Saint Louis Rapid 2019"]
[Site "Saint Louis"]
[Date "2019.08.12"]
[Round "7.3"]
[White "Mamedyarov, Shakhriyar"]
[Black "Rapport, Richard"]
[Result "0-1"]
[WhiteElo "2765"]
[BlackElo "2735"]
[Annotator "TA"]
[PlyCount "46"]
[EventDate "2019.08.10"]
[EventType "tourn"]
[EventCountry "USA"]
[SourceTitle "playchess.com"]
[Source "ChessBase"]
[SourceQuality "1"]

{[%evp 10,46,10,31,26,0,31,35,31,-13,-15,-7,-22,-42,-58,-86,-61,-89,-73,-183,-187,-229,-220,-295,-234,-258,-240,-314,-323,-337,-342,-354,-354,-419,-436,-531,-523,-492,-487]} 1. d4 Nf6 2. c4 e6 3. Nc3 Bb4 4. f3 c5 5. d5 d6 6. e4 b5 {E20: Nimzo-Indian: 4 g3 and 4 f3} 7. Bd2 (7. Nge2 bxc4 8. Nf4 Bxc3+ 9. bxc3 e5 10. Ne2 Nh5 11. h4 Nd7 12. g4 Qf6 13. Kf2 Nf4 14. Nxf4 exf4 {0-1 (36) Kravtsiv,M (2644)-Moiseenko,A (2640) Kiev 2018}) 7... exd5 8. cxd5 a6 {White is slightly better.} 9. a3 Ba5 10. a4 b4 11. Nb1 O-O {...Nxe4! is the strong threat.} 12. Bg5 $146 ({Predecessor:} 12. Ne2 Re8 13. Bg5 Nbd7 {0-1 (78) Pham,K (2116)-Kabos,T (2301) Amsterdam 2019}) 12... Nbd7 13. Nd2 {[#]} b3 $1 {[%mdl 512]} 14. Qxb3 {[#]} (14. Be2 $17) 14... h6 $1 $36 {[%cal Rh6g5][%mdl 2048] White is under strong pressure.} 15. Bf4 Rb8 16. Qc2 {[#]} Nxd5 $1 {[%mdl 512]} 17. exd5 Qf6 $1 {[%csl LRb2,LRf4][%mdl 64] Double Attack} 18. O-O-O {Hoping for Ne2.} Qxf4 19. Ne2 Qb4 20. Nc3 Nb6 21. Re1 {Now Re4 and White clings on.} c4 22. g4 Bd7 {[%cal Rd7a4]} 23. Re4 Rfc8 {Accuracy: White = 27%, Black = 80%.} 0-1